Montélimar - Choix multiples - Statistiques

Statistiques générales
  • Ce quiz a été pris 65 fois
  • Le résultat moyen est 5 sur 10
Statistiques - réponses
Question Réponse % Correct
Quel fleuve arrose Montélimar ? Le Rhône
95%
Quelle confiserie a fait la renommée (internationale) de Montélimar depuis le XVIIe siècle ? Le nougat
93%
Comment appelle-t-on les habitant(e)s de Montélimar ? Les Montilien(ne)s
74%
Parmi les châteaux suivants, reconnaissez-vous celui de Montélimar (Château des Adhémar) ?
67%
Dans quelle province historique de France se situe Montélimar ? Le Dauphiné
51%
Quel auteur-compositeur interprète écrivit la chanson Montélimar, sortie en 1976 ? Georges Brassens
37%
Parmi les personnalités suivantes, laquelle avait des terres qui couvraient Montélimar de 1340 à 1447 ? Le Pape
30%
Quel cinéaste de la "Nouvelle Vague" réalisa "Conte d'automne" à Montélimar et dans les environs, en 1998, avec Marie Rivière ? Éric Rohmer
25%
Quelle tour située non loin du Château des Adhémar est le vestige d'un ancien château qui témoigne de la rivalité entre les frères Adhémar ? La Tour de Narbonne
25%
Qui fut le vainqueur du "Combat de Montélimar", le 30 mars 1815 ? Le duc d'Angoulême (futur Louis XIX)
18%
Aucun quiz correspondant
Distribution des résultats
% des personnes avec chaque résultat
Percentile par nombre de réponses
Votre historique - résultats
Vous n’avez pas pris ce quiz